00454nam a2200193Ia 4500003000400000005001700004008004100021020001500062040000700077041000800084082001700092100001700109245002600126260004000152300001700192365001300209650001400222650002400236OSt20230329144453.0210423s2008 xx 000 0 und d a8173716048 cAL aeng a332.042 SHAG aSHAILAJA (G) aInternational finance aNew DelhibUniversities Pressc2008 aviii,360bPB b250cINR aEconomics aFinancial Economics